NHL Eastern Conference Finals Losers - Statistics

General Stats
  • This quiz has been taken 84 times
    45 since last reset
  • The average score is 19 of 29
Answer Stats
Year Team % Correct
2024 New York Rangers
97%
2023 Carolina Hurricanes
88%
2022 New York Rangers
88%
2019 Carolina Hurricanes
84%
2020 New York Islanders
81%
2017 Ottawa Senators
81%
2018 Tampa Bay Lightning
81%
2016 Tampa Bay Lightning
78%
2014 Montreal Canadiens
75%
2015 New York Rangers
75%
2013 Pittsburgh Penguins
72%
2010 Montreal Canadiens
66%
2012 New York Rangers
66%
2011 Tampa Bay Lightning
66%
1994 New Jersey Devils
63%
2007 Buffalo Sabres
59%
2009 Carolina Hurricanes
59%
2006 Buffalo Sabres
56%
2008 Philadelphia Flyers
56%
2002 Toronto Maple Leafs
56%
2004 Philadelphia Flyers
53%
1996 Pittsburgh Penguins
53%
1997 New York Rangers
50%
2003 Ottawa Senators
50%
2000 Philadelphia Flyers
50%
1995 Philadelphia Flyers
47%
1998 Buffalo Sabres
44%
1999 Toronto Maple Leafs
44%
2001 Pittsburgh Penguins
41%
No matching quizzes found
Score Distribution
Percent of People with Each Score
Percentile by Number Answered
Your Score History
You have not taken this quiz since the last reset